000 00568nam a2200193Ia 4500
005 20260120132257.0
008 008 260114s9999 xx 000 0 eng d
020 _a9781383029765
037 _aEBOOK
040 _aCRL
_beng
_cCRL
041 _aeng
_2eng
084 _qCRL
100 _aSimon
_9937074
245 0 _aStatistical Evidence in Medical Trials: What do the data really tell us?
260 _bOxford University PressOxford University Press
_c2023
856 _uhttps://academic.oup.com/book/52923
942 _cEBOOK
999 _c1528997
_d1528997